书目信息 |
| 题名: |
晶体管高频电路
|
|
| 作者: | 谢沅清 , 籍义忠 编著 | |
| 分册: | 下册 | |
| 出版信息: | 北京 人民邮电出版社 1980 |
|
| 页数: | 597页 | |
| 开本: | 19cm | |
| 丛书名: | ||
| 单 册: | ||
| 中图分类: | TN710.2 | |
| 科图分类: | ||
| 主题词: | 高频晶体管-晶体管电路 , 晶体管电路-高频晶体管 | |
| 电子资源: | ||
| ISBN: | ||
| 000 | 00689nam0 2200241 45 | |
| 001 | 0180006943 | |
| 005 | 20060720085607.39 | |
| 010 | @dCNY2.70 | |
| 091 | @aCN@b15045.总2336-无685 | |
| 100 | @a19960215d1980 em y0chiy0121 ea | |
| 101 | 0 | @achi |
| 102 | @aCN@b110000 | |
| 105 | @ay z 000yy | |
| 200 | 10 | @a晶体管高频电路@Ajing ti guan gao pin dian lu@h下册@f谢沅清,籍义忠著 |
| 210 | @a北京@c人民邮电出版社@d1980 | |
| 215 | @a597页@d19cm | |
| 606 | @a高频晶体管-晶体管电路 | |
| 606 | @a晶体管电路-高频晶体管 | |
| 690 | @aTN710.2@v3 | |
| 701 | 0 | @a谢沅清@Axie yuan qing@4编著 |
| 701 | 0 | @a籍义忠@Aji yi zhong@4编著 |
| 801 | 0 | @aCN@bTSSF@c20060720 |
| 905 | @a10447@dTN710.2@e189 | |
| 晶体管高频电路.下册/谢沅清,籍义忠著.-北京:人民邮电出版社,1980 |
| 597页;19cm |
| ISBN :CNY2.70 |
| ● |
| 相关链接 |
|
|
|
|
正题名:晶体管高频电路
索取号:TN710.2/189
 
预约/预借
| 序号 | 登录号 | 条形码 | 馆藏地/架位号 | 状态 | 备注 |
| 1 | 0437682 | 204376825 | 密集书库/ [索取号:TN710.2/189] | 在馆 |